000 00420nam a22001697a 4500
999 _c2684
_d2684
005 20181017163657.0
008 181017b ||||| |||| 00| 0 eng d
040 _cDLC
082 _a269.20
_bR6431H
100 _aRoberts, Richard
245 _aHe's The God of a Second Chance
_cRichard Roberts
260 _aRichard Roberts
_c1985
300 _a89p,;
650 _xEvangelists
650 _xHealers
942 _2ddc
_cBK